<?xml version="1.0" encoding="UTF-8"?>
<record
    xmlns:xsi="http://www.w3.org/2001/XMLSchema-instance"
    xsi:schemaLocation="http://www.loc.gov/MARC21/slim http://www.loc.gov/standards/marcxml/schema/MARC21slim.xsd"
    xmlns="http://www.loc.gov/MARC21/slim">

  <leader>01233nam a22001697a 4500</leader>
  <controlfield tag="008">150623b        xxu||||| |||| 00| 0 eng d</controlfield>
  <datafield tag="020" ind1=" " ind2=" ">
    <subfield code="a">9780199230266</subfield>
  </datafield>
  <datafield tag="050" ind1=" " ind2=" ">
    <subfield code="a">KD1480.W38</subfield>
  </datafield>
  <datafield tag="100" ind1=" " ind2=" ">
    <subfield code="a">Watt, Gary</subfield>
  </datafield>
  <datafield tag="245" ind1=" " ind2=" ">
    <subfield code="a">Trust and equity. /</subfield>
    <subfield code="c">Gary Watt</subfield>
  </datafield>
  <datafield tag="250" ind1=" " ind2=" ">
    <subfield code="a">3rd ed.</subfield>
  </datafield>
  <datafield tag="260" ind1=" " ind2=" ">
    <subfield code="a">Oxford:</subfield>
    <subfield code="b">Oxford University press,</subfield>
    <subfield code="c">c2008.</subfield>
  </datafield>
  <datafield tag="300" ind1=" " ind2=" ">
    <subfield code="a">xli, 594p.</subfield>
    <subfield code="c">24cm.</subfield>
  </datafield>
  <datafield tag="500" ind1=" " ind2=" ">
    <subfield code="a">includes index</subfield>
  </datafield>
  <datafield tag="505" ind1=" " ind2=" ">
    <subfield code="a">Contents: Introduction to trusts and equity: Foundations -- Trusts in context -- Creation and recognition of trusts: Trusts created expressly -- Effective disposition of benefit: constitution of trusts -- Ineffective disposition of benefit: resulting trusts -- Formality, perpetuity, and illegality: trust creation and public policy I -- Charity: trust creation and public policy II -- Constructive trusts and informal trusts of land -- The Regulation of trusts: Flexibility of benefit -- The Fiduciary duty -- Fulfilling and filling the office of trustee -- Trustee investment -- Breach of trust: the personal liability of trustees -- Trusts and third parties: Tracing and recovering trust property -- The Equitable personal liability of strangers to the trust -- Equitable maxims, doctrines, and remedies.</subfield>
  </datafield>
  <datafield tag="942" ind1=" " ind2=" ">
    <subfield code="2">lcc</subfield>
    <subfield code="c">BK</subfield>
  </datafield>
  <datafield tag="999" ind1=" " ind2=" ">
    <subfield code="c">5555</subfield>
    <subfield code="d">13055</subfield>
  </datafield>
  <datafield tag="952" ind1=" " ind2=" ">
    <subfield code="0">0</subfield>
    <subfield code="1">0</subfield>
    <subfield code="2">lcc</subfield>
    <subfield code="4">0</subfield>
    <subfield code="7">0</subfield>
    <subfield code="a">WIUC-1</subfield>
    <subfield code="b">WIUC-1</subfield>
    <subfield code="c">LL</subfield>
    <subfield code="d">2015-06-23</subfield>
    <subfield code="l">0</subfield>
    <subfield code="o">KD1480.W38</subfield>
    <subfield code="p">143/15</subfield>
    <subfield code="r">2015-06-23 00:00:00</subfield>
    <subfield code="w">2015-06-23</subfield>
    <subfield code="y">BK</subfield>
  </datafield>
</record>
